Basic plant pathology methods / (Record no. 33675)

MARC details
000 -LEADER
fixed length control field 01115pam a2200301 a 4500
001 - CONTROL NUMBER
control field 2542648
003 - CONTROL NUMBER IDENTIFIER
control field OSt
005 - DATE AND TIME OF LATEST TRANSACTION
control field 20220328094945.0
008 - FIXED-LENGTH DATA ELEMENTS--GENERAL INFORMATION
fixed length control field 940816s1995 flua b 001 0 eng
010 ## - LIBRARY OF CONGRESS CONTROL NUMBER
LC control number 94031201
020 ## - INTERNATIONAL STANDARD BOOK NUMBER
International Standard Book Number 0873716388 (pbk. : alk. paper)
040 ## - CATALOGING SOURCE
Original cataloging agency DLC
Transcribing agency HU
Modifying agency DLC
050 00 - LIBRARY OF CONGRESS CALL NUMBER
Classification number SB732.5
Item number .D45 1995
082 00 - DEWEY DECIMAL CLASSIFICATION NUMBER
Classification number 632/.3/078
Edition number 20
100 1# - MAIN ENTRY--PERSONAL NAME
Personal name Dhingra, Onkar D.
9 (RLIN) 34218
245 10 - TITLE STATEMENT
Title Basic plant pathology methods /
Statement of responsibility, etc. Onkar D. Dhingra, James B. Sinclair.
250 ## - EDITION STATEMENT
Edition statement 2nd ed.
260 ## - PUBLICATION, DISTRIBUTION, ETC.
Place of publication, distribution, etc. Boca Raton :
Name of publisher, distributor, etc. Lewis Publishers,
Date of publication, distribution, etc. c1995.
300 ## - PHYSICAL DESCRIPTION
Extent 434 p. :
Other physical details ill. ;
Dimensions 26 cm.
504 ## - BIBLIOGRAPHY, ETC. NOTE
Bibliography, etc. note Includes bibliographical references and index.
650 #0 - SUBJECT ADDED ENTRY--TOPICAL TERM
Topical term or geographic name entry element Plant diseases
General subdivision Research
-- Technique.
9 (RLIN) 34219
700 1# - ADDED ENTRY--PERSONAL NAME
Personal name Sinclair, J. B.
Fuller form of name (James Burton),
Dates associated with a name 1927-
9 (RLIN) 32266
740 0# - ADDED ENTRY--UNCONTROLLED RELATED/ANALYTICAL TITLE
Uncontrolled related/analytical title Plant pathology methods.
856 42 - ELECTRONIC LOCATION AND ACCESS
Materials specified Publisher description
Uniform Resource Identifier <a href="http://www.loc.gov/catdir/enhancements/fy0744/94031201-d.html">http://www.loc.gov/catdir/enhancements/fy0744/94031201-d.html</a>
906 ## - LOCAL DATA ELEMENT F, LDF (RLIN)
a 7
b cbc
c orignew
d 1
e ocip
f 19
g y-gencatlg
942 ## - ADDED ENTRY ELEMENTS (KOHA)
Source of classification or shelving scheme Dewey Decimal Classification
Koha item type Books like text book referance book
Suppress in OPAC No
Holdings
Withdrawn status Lost status Source of classification or shelving scheme Damaged status Not for loan Collection code Home library Current library Shelving location Date acquired Total Checkouts Full call number Barcode Date last seen Copy number Price effective from Koha item type
    Dewey Decimal Classification     Reference Wondo Genet Library Wondo Genet Library General Stacks 03/28/2022   632/.3/078 DHI 1995 WGCFNRL00015003 03/28/2022 1 03/28/2022 Books like text book referance book